Fr. Conceicao Rodrigues College of Engineering

The process of Manegement (Record no. 21225)

MARC details
000 -LEADER
fixed length control field 00274nam a2200133Ia 4500
100 ## - MAIN ENTRY--PERSONAL NAME
Personal name Newman W etc
245 ## - TITLE STATEMENT
Title The process of Manegement
260 ## - PUBLICATION, DISTRIBUTION, ETC.
Name of publisher, distributor, etc. P.H.I
Place of publication, distribution, etc. New Delhi
Date of publication, distribution, etc. 1970
300 ## - PHYSICAL DESCRIPTION
Extent 788
546 ## - LANGUAGE NOTE
Language note ENGLISH
654 ## - SUBJECT ADDED ENTRY--FACETED TOPICAL TERMS
Focus term Management
942 ## - ADDED ENTRY ELEMENTS (KOHA)
Koha item type BOOK
Holdings
Withdrawn status Lost status Damaged status Not for loan Collection Home library Current library Shelving location Date acquired Source of acquisition Cost, normal purchase price Inventory number Total Checkouts Full call number Barcode Date last seen Cost, replacement price Price effective from Koha item type
        CRC Fr. Agnel's C.Rodrigues College of Engineering Fr. Agnel's C.Rodrigues College of Engineering   17/03/2023 Unique 150.00 1769 dt 29.01.1996   7960 17/03/2023 150.00 29/01/1996 BOOK